000 00214nam a22000857a 4500
008 170621b xxu||||| |||| 00| 0 eng d
100 _93607
_aChitkara. M. G
245 _aMother Terasa
260 _aNew Delhi
_bA. P. H
_c1998
999 _c6995
_d6995